[Event "SF Gerresheim 1 - SK Königsspringer Is"]
[Site "NRW-Liga - Gruppe 2 2019/2020"]
[Date "2019.11.10"]
[Round "3.8"]
[White "Yilmaz, Ahmet"]
[Black "Franz, Christian"]
[Result "1-0"]
[WhiteElo "1865"]
[BlackElo "2026"]
[PlyCount "113"]
[EventDate "2019.??.??"]
[SourceVersionDate "2020.03.16"]
[WhiteTeam "SF Gerresheim 1"]
[BlackTeam "SK Königsspringer Iserlohn 1"]

1. e4 c5 2. b4 cxb4 3. d4 d5 4. exd5 Nf6 5. Nf3 Qxd5 6. c4 Qe4+ 7. Be2 e6 8.
O-O Be7 9. a3 O-O 10. Re1 Qc6 11. Ne5 Qe8 12. Bd2 bxa3 13. Nxa3 Qd8 14. Nb5 a6
15. Bf3 Nbd7 16. Ba5 Nxe5 17. Bxd8 Nxf3+ 18. Qxf3 Rxd8 19. d5 Bc5 20. Qg3 Bd7
21. Nc7 Rac8 22. dxe6 Bxe6 23. Nxe6 fxe6 24. Rxe6 Rf8 25. Qh3 Rcd8 26. Re2 Rd4
27. g3 Kh8 28. Qf5 Rxc4 29. Rf1 b6 30. Kg2 Rd4 31. f3 a5 32. Qc2 a4 33. Rd1 Rb4
34. Ra1 Nd5 35. Kh3 Ra8 36. Rxa4 Rbxa4 37. Qxa4 Rg8 38. Re8 Nf6 39. Rxg8+ Kxg8
40. Qc6 Kf7 41. Kg2 Ne8 42. f4 Nd6 43. g4 h6 44. h4 g6 45. Qc7+ Kg8 46. Kf3 Kh8
47. f5 gxf5 48. gxf5 Kg8 49. f6 Nf7 50. Qg3+ Kf8 51. Qg7+ Ke8 52. Qg8+ Bf8 53.
Ke4 Nd8 54. Qd5 Bc5 55. Qh5+ Nf7 56. Kd5 Kf8 57. Qg6 1-0

[Event "SVG Alsdorf 1 - Elberfelder SG 1"]
[Site "NRW-Liga - Gruppe 2 2019/2020"]
[Date "2019.11.10"]
[Round "3.1"]
[White "Odendahl, Reiner"]
[Black "Abolianin, Arthur"]
[Result "1-0"]
[WhiteElo "2297"]
[BlackElo "2265"]
[PlyCount "83"]
[EventDate "2019.??.??"]
[SourceVersionDate "2020.03.16"]
[WhiteTeam "Elberfelder SG 1"]
[BlackTeam "SVG Alsdorf 1"]

1. Nf3 c5 2. g3 g6 3. Bg2 Bg7 4. O-O Nc6 5. d3 Nf6 6. c4 a6 7. Nc3 Rb8 8. a4
O-O 9. Bd2 Ne8 10. Qc1 d6 11. Bh6 Nc7 12. Bxg7 Kxg7 13. e3 b5 14. axb5 axb5 15.
b3 bxc4 16. bxc4 Bf5 17. Rd1 Qd7 18. d4 cxd4 19. exd4 Bg4 20. d5 Bxf3 21. Bxf3
Ne5 22. Be2 Ra8 23. Qe3 f5 24. c5 Rfb8 25. c6 Qe8 26. Ra7 Rxa7 27. Qxa7 Qc8 28.
Qd4 Kf8 29. f4 Nf7 30. Na4 e5 31. dxe6 Nxe6 32. Qd5 Ned8 33. Bf3 Qc7 34. Qc4
Rc8 35. Rc1 Qa7+ 36. Kg2 Qe3 37. Rc2 Rc7 38. Nc3 Qc5 39. Nb5 Rc8 40. Qxc5 dxc5
41. c7 Ne6 42. Bb7 1-0

[Event "SVG Alsdorf 1 - Elberfelder SG 1"]
[Site "NRW-Liga - Gruppe 2 2019/2020"]
[Date "2019.11.10"]
[Round "3.2"]
[White "Draftian, Ashote"]
[Black "Hintze, Helge"]
[Result "1/2-1/2"]
[WhiteElo "2236"]
[BlackElo "2250"]
[PlyCount "61"]
[EventDate "2019.??.??"]
[SourceVersionDate "2020.03.16"]
[WhiteTeam "SVG Alsdorf 1"]
[BlackTeam "Elberfelder SG 1"]

1. f4 d5 2. Nf3 g6 3. e3 Bg7 4. d4 Nh6 5. Bd3 Bf5 6. O-O O-O 7. Be2 Bc8 8. c4
dxc4 9. Bxc4 c5 10. d5 Nd7 11. e4 Nb6 12. Qd3 Nxc4 13. Qxc4 e6 14. Nc3 b6 15.
Rd1 exd5 16. Nxd5 Be6 17. f5 gxf5 18. Bg5 Bxd5 19. Rxd5 Qc8 20. exf5 Nxf5 21.
Qf4 f6 22. Rxf5 fxg5 23. Qc4+ Kh8 24. Rxf8+ Qxf8 25. Nxg5 Bd4+ 26. Kh1 Qf5 27.
Nf7+ Kg7 28. Rf1 Qg6 29. Rf3 Qb1+ 30. Rf1 Qg6 31. Rf3 1/2-1/2

[Event "SVG Alsdorf 1 - Elberfelder SG 1"]
[Site "NRW-Liga - Gruppe 2 2019/2020"]
[Date "2019.11.10"]
[Round "3.3"]
[White "Volkov, Mykyta"]
[Black "Deleyn, Gunter"]
[Result "1-0"]
[WhiteElo "2135"]
[BlackElo "2166"]
[PlyCount "51"]
[EventDate "2019.??.??"]
[SourceVersionDate "2020.03.16"]
[WhiteTeam "Elberfelder SG 1"]
[BlackTeam "SVG Alsdorf 1"]

1. d4 Nf6 2. c4 e6 3. Nc3 Bb4 4. Qc2 b6 5. a3 Bxc3+ 6. Qxc3 Ne4 7. Qc2 f5 8. e3
O-O 9. Bd3 Bb7 10. Ne2 Qh4 11. O-O Rf6 12. f3 Rh6 13. h3 g5 14. d5 Nf6 15. e4
f4 16. dxe6 dxe6 17. b4 Nc6 18. Bb2 Nd7 19. e5 Rf8 20. Be4 Ba8 21. Rad1 g4 22.
fxg4 f3 23. Bxf3 Rxf3 24. Rxf3 Ncxe5 25. Rg3 Qe7 26. Qd2 1-0

[Event "SVG Alsdorf 1 - Elberfelder SG 1"]
[Site "NRW-Liga - Gruppe 2 2019/2020"]
[Date "2019.11.10"]
[Round "3.4"]
[White "Minyeyevtsev, Semen"]
[Black "Noetzel, Frank"]
[Result "1/2-1/2"]
[WhiteElo "2149"]
[BlackElo "2209"]
[PlyCount "51"]
[EventDate "2019.??.??"]
[SourceVersionDate "2020.03.16"]
[WhiteTeam "SVG Alsdorf 1"]
[BlackTeam "Elberfelder SG 1"]

1. e4 e5 2. Nc3 Nf6 3. g3 Bc5 4. Bg2 Nc6 5. Nge2 a6 6. d3 d6 7. O-O h6 8. h3
Nd4 9. Kh2 c6 10. f4 b5 11. Nxd4 Bxd4 12. Ne2 Bb6 13. d4 Bb7 14. dxe5 dxe5 15.
fxe5 Qxd1 16. Rxd1 Nd7 17. Bf4 O-O-O 18. h4 g5 19. e6 fxe6 20. Bd6 Nf6 21. Bh3
Rhe8 22. Nc3 c5 23. e5 Ne4 24. Nxe4 Bxe4 25. c4 Kb7 26. b3 1/2-1/2

[Event "SVG Alsdorf 1 - Elberfelder SG 1"]
[Site "NRW-Liga - Gruppe 2 2019/2020"]
[Date "2019.11.10"]
[Round "3.5"]
[White "Kurr, Gerd"]
[Black "Reinhard, Marcus"]
[Result "1/2-1/2"]
[WhiteElo "2143"]
[BlackElo "1940"]
[PlyCount "95"]
[EventDate "2019.??.??"]
[SourceVersionDate "2020.03.16"]
[WhiteTeam "Elberfelder SG 1"]
[BlackTeam "SVG Alsdorf 1"]

1. d4 c5 2. c3 e6 3. Nf3 Nf6 4. Bg5 h6 5. Bxf6 gxf6 6. Nbd2 Qc7 7. g3 f5 8. Bg2
cxd4 9. cxd4 d5 10. O-O Nc6 11. e3 Bd6 12. Rc1 Bd7 13. a3 a5 14. Qe2 Qb6 15.
Nb1 a4 16. Nc3 Na5 17. Rc2 Qa6 18. Qxa6 bxa6 19. Nd2 Rb8 20. f3 h5 21. e4 h4
22. exd5 hxg3 23. h3 Bf4 24. Re1 O-O 25. Bf1 Nb3 26. Nxb3 axb3 27. Rg2 Rfc8 28.
dxe6 fxe6 29. Bxa6 Rc7 30. Kf1 Bd6 31. f4 Bxf4 32. Ne2 Bd6 33. Nxg3 Kf7 34. Nh5
Rh8 35. Be2 Rh7 36. Bf3 Rc4 37. Re3 Ba4 38. Rd3 Bb5 39. Kg1 Rc1+ 40. Rd1 Rxd1+
41. Bxd1 Bc6 42. Rg5 Bd5 43. Kf2 Bxa3 44. Nf4 Bxb2 45. Nxd5 Bxd4+ 46. Kg2 exd5
47. Bxb3 Kf6 48. Rxf5+ 1/2-1/2

[Event "SVG Alsdorf 1 - Elberfelder SG 1"]
[Site "NRW-Liga - Gruppe 2 2019/2020"]
[Date "2019.11.10"]
[Round "3.6"]
[White "Krug, Reinhard"]
[Black "Tymura, Achim"]
[Result "1/2-1/2"]
[WhiteElo "1902"]
[BlackElo "2055"]
[PlyCount "125"]
[EventDate "2019.??.??"]
[SourceVersionDate "2020.03.16"]
[WhiteTeam "SVG Alsdorf 1"]
[BlackTeam "Elberfelder SG 1"]

1. Nf3 d6 2. d4 Nf6 3. c4 g6 4. Nc3 Bg7 5. e4 O-O 6. Be2 Nbd7 7. e5 dxe5 8.
dxe5 Ng4 9. e6 fxe6 10. O-O Nb6 11. Qc2 c6 12. h3 Nh6 13. Re1 Qc7 14. Bg5 e5
15. c5 Nd5 16. Bc4 e6 17. Nxe5 Rf5 18. Nf3 Nf7 19. Bh4 Nxc3 20. bxc3 Rxc5 21.
Bb3 Rxc3 22. Qe4 Rxb3 23. axb3 Bxa1 24. Rxa1 e5 25. Qe3 Be6 26. Bg3 Qe7 27.
Nxe5 Bd5 28. Rxa7 Rxa7 29. Qxa7 Nxe5 30. Qb8+ Kf7 31. Bxe5 Bxb3 32. Bd6 Qd7 33.
Qf8+ Ke6 34. Bf4 Bd5 35. Bg5 Qf7 36. Qc8+ Kd6 37. Bf4+ Kc5 38. Be3+ Kc4 39. Qa8
Qe7 40. Qa4+ Qb4 41. Qd1 Kb5 42. Qd3+ Qc4 43. Qb1+ Qb3 44. Qa1 c5 45. Kh2 Qc2
46. Qa3 b6 47. Kg3 Qe4 48. f3 Qb1 49. Qc3 Qb3 50. Qe5 Qd3 51. Kf2 Qf5 52. Qc3
h5 53. h4 Kc6 54. Kg3 Qe6 55. Qa3 Qe5+ 56. Kf2 Kb7 57. Qa4 Qe6 58. Qb5 Qc6 59.
Qb2 b5 60. Qe5 b4 61. g4 Bxf3 62. gxh5 gxh5 63. Bxc5 1/2-1/2

[Event "SVG Alsdorf 1 - Elberfelder SG 1"]
[Site "NRW-Liga - Gruppe 2 2019/2020"]
[Date "2019.11.10"]
[Round "3.7"]
[White "Werbeck, Torsten"]
[Black "Heldenbergh, Nils"]
[Result "0-1"]
[WhiteElo "2026"]
[BlackElo "1782"]
[PlyCount "104"]
[EventDate "2019.??.??"]
[SourceVersionDate "2020.03.16"]
[WhiteTeam "Elberfelder SG 1"]
[BlackTeam "SVG Alsdorf 1"]

1. d4 Nf6 2. Nf3 e6 3. c4 Bb4+ 4. Bd2 a5 5. Nc3 O-O 6. g3 d5 7. cxd5 exd5 8.
Bg2 c6 9. a3 Be7 10. O-O Bf5 11. Qb3 Qc8 12. Rac1 Nbd7 13. Bf4 Re8 14. Rfe1 Nf8
15. Bg5 Be6 16. Ne5 Ne4 17. Bxe7 Rxe7 18. Na4 Qd8 19. f3 Nd6 20. Nc5 Qe8 21.
Qc3 f6 22. Ng4 Bxg4 23. fxg4 Rxe2 24. Rxe2 Qxe2 25. Re1 Qxg4 26. Nxb7 Nxb7 27.
Qxc6 Qxd4+ 28. Kh1 Rb8 29. Qb5 Qc5 30. Bxd5+ Kh8 31. Qb3 Qc7 32. Qf3 Nd6 33. b3
Rd8 34. a4 Nf7 35. Be4 Ng5 36. Qf5 Qc3 37. Rf1 Qxb3 38. Qxa5 Rd1 39. Bg2 Qd3
40. Re1 Nf3 41. Bxf3 Qxf3+ 42. Kg1 Qe3+ 43. Kf1 Qd3+ 44. Kg1 Rd2 45. Qc5 Kg8
46. a5 Qf3 47. Qc4+ Kh8 48. Qf1 Qh5 49. h4 Qxa5 50. Re2 Qc5+ 51. Kg2 Qd5+ 52.
Kh2 Qd3 0-1

[Event "SVG Alsdorf 1 - Elberfelder SG 1"]
[Site "NRW-Liga - Gruppe 2 2019/2020"]
[Date "2019.11.10"]
[Round "3.8"]
[White "De Cocq, Ramin"]
[Black "Fuchs, Thomas"]
[Result "1/2-1/2"]
[WhiteElo "1772"]
[BlackElo "1918"]
[PlyCount "44"]
[EventDate "2019.??.??"]
[SourceVersionDate "2020.03.16"]
[WhiteTeam "SVG Alsdorf 1"]
[BlackTeam "Elberfelder SG 1"]

1. d4 Nf6 2. c4 g6 3. Nc3 Bg7 4. e4 d6 5. Be2 O-O 6. Nf3 c5 7. O-O cxd4 8. Nxd4
Nc6 9. Be3 Bd7 10. Qd2 Nxd4 11. Bxd4 Bc6 12. f3 a5 13. a4 Nd7 14. Be3 Nc5 15.
Bd1 Qb6 16. Nb5 Rfc8 17. Rc1 Bxb5 18. cxb5 Qd8 19. Rc4 Nd7 20. Bb3 Ne5 21. Rcc1
b6 22. Rfd1 Rab8 1/2-1/2

[Event "Klub Kölner SF 1 - Kölner SK Dr. Lask"]
[Site "NRW-Liga - Gruppe 2 2019/2020"]
[Date "2019.11.10"]
[Round "3.1"]
[White "Paris, Michael"]
[Black "Morawietz, Dieter"]
[Result "0-1"]
[WhiteElo "2194"]
[BlackElo "2395"]
[PlyCount "80"]
[EventDate "2019.??.??"]
[SourceVersionDate "2020.03.16"]
[WhiteTeam "Kölner SK Dr. Lasker 1"]
[BlackTeam "Klub Kölner SF 1"]

1. d4 e6 2. Nf3 Nf6 3. c4 c5 4. d5 exd5 5. cxd5 d6 6. Nc3 g6 7. Bf4 a6 8. Nd2
Nh5 9. Qa4+ Qd7 10. Qe4+ Be7 11. Bxd6 Qxd6 12. Nc4 Qd8 13. d6 Nc6 14. dxe7 Qxe7
15. Nb6 Rb8 16. Qxe7+ Kxe7 17. e3 Be6 18. Be2 Nf6 19. O-O Rhd8 20. Rfd1 Nb4 21.
Bf3 Rxd1+ 22. Bxd1 Rd8 23. a3 Nd3 24. b3 Ne5 25. Rc1 Rd2 26. f4 Ned7 27. Nxd7
Bxd7 28. Rc2 Rxc2 29. Bxc2 Bc6 30. e4 b5 31. e5 Nd7 32. Be4 b4 33. Bxc6 bxc3
34. Be4 f6 35. Kf1 fxe5 36. fxe5 Nxe5 37. Ke2 Kd6 38. h3 a5 39. Bb7 c4 40. bxc4
Kc5 0-1

[Event "Klub Kölner SF 1 - Kölner SK Dr. Lask"]
[Site "NRW-Liga - Gruppe 2 2019/2020"]
[Date "2019.11.10"]
[Round "3.2"]
[White "Helbig, Mark"]
[Black "Bussard, Christian"]
[Result "1/2-1/2"]
[WhiteElo "2288"]
[BlackElo "2221"]
[PlyCount "75"]
[EventDate "2019.??.??"]
[SourceVersionDate "2020.03.16"]
[WhiteTeam "Klub Kölner SF 1"]
[BlackTeam "Kölner SK Dr. Lasker 1"]

1. d4 Nf6 2. c4 e6 3. Nf3 b6 4. g3 Bb7 5. Bg2 Bb4+ 6. Bd2 Be7 7. O-O O-O 8. Nc3
c5 9. d5 exd5 10. Nh4 g6 11. cxd5 d6 12. e4 Nfd7 13. Bh6 Re8 14. f4 Bf8 15.
Bxf8 Nxf8 16. a4 Na6 17. Qd2 Nb4 18. Rae1 f6 19. e5 f5 20. Kh1 a6 21. Nf3 Qc7
22. e6 Qg7 23. Rd1 h6 24. Ne1 Nh7 25. Nc2 Nxc2 26. Qxc2 Nf6 27. Rfe1 Rab8 28.
h3 h5 29. h4 Qe7 30. Bf1 Kg7 31. Bc4 Ng4 32. Kg1 Nf6 33. Qe2 Ra8 34. Ra1 Reb8
35. Red1 Ng8 36. Rd2 Nf6 37. Ra3 Qc7 38. Rb3 1/2-1/2

[Event "Klub Kölner SF 1 - Kölner SK Dr. Lask"]
[Site "NRW-Liga - Gruppe 2 2019/2020"]
[Date "2019.11.10"]
[Round "3.3"]
[White "Nagel, Bernhard"]
[Black "Wacker, Peter"]
[Result "0-1"]
[WhiteElo "2180"]
[BlackElo "2261"]
[PlyCount "88"]
[EventDate "2019.??.??"]
[SourceVersionDate "2020.03.16"]
[WhiteTeam "Kölner SK Dr. Lasker 1"]
[BlackTeam "Klub Kölner SF 1"]

1. c4 Nf6 2. Nf3 e6 3. g3 d5 4. Bg2 dxc4 5. O-O a6 6. a4 Nc6 7. Ne1 Na5 8. d3
Nb3 9. Ra2 Nxc1 10. Qxc1 cxd3 11. Nxd3 Bd6 12. Rd1 Qe7 13. Na3 O-O 14. Nc4 Rb8
15. b3 e5 16. Nxd6 cxd6 17. Qa3 Bf5 18. Rad2 e4 19. Nf4 e3 20. Qxd6 exf2+ 21.
Kh1 Qxd6 22. Rxd6 Bc2 23. Rf1 Bxb3 24. a5 Ng4 25. Rb6 Bc4 26. Bf3 Ne3 27. Rxf2
Rfd8 28. h4 Rd1+ 29. Kh2 Ra1 30. Ng2 Nf1+ 31. Kh3 Be6+ 32. g4 h5 33. Nf4 hxg4+
34. Bxg4 Bxg4+ 35. Kxg4 Ne3+ 36. Kf3 Nc4 37. Rb4 Ne5+ 38. Ke4 Rxa5 39. Rg2 Re8
40. Rxb7 Ng6+ 41. Kf3 Nxh4+ 42. Kf2 Nxg2 43. Nxg2 Ra8 44. Ne3 Rb5 0-1

[Event "Klub Kölner SF 1 - Kölner SK Dr. Lask"]
[Site "NRW-Liga - Gruppe 2 2019/2020"]
[Date "2019.11.10"]
[Round "3.4"]
[White "Bayer, Ernst-Wolfgang"]
[Black "Pawelzik, Malte"]
[Result "1/2-1/2"]
[WhiteElo "2215"]
[BlackElo "2153"]
[PlyCount "45"]
[EventDate "2019.??.??"]
[SourceVersionDate "2020.03.16"]
[WhiteTeam "Klub Kölner SF 1"]
[BlackTeam "Kölner SK Dr. Lasker 1"]

1. d4 Nf6 2. c4 g6 3. g3 c6 4. Bg2 d5 5. b3 dxc4 6. bxc4 e5 7. e3 Bg7 8. Ba3
exd4 9. exd4 Be6 10. Ne2 Bxc4 11. O-O Bf8 12. Re1 Bxa3 13. Nxa3 Bxe2 14. Qxe2+
Kf8 15. Rab1 b6 16. Nc4 Nd5 17. Ne5 Kg7 18. Qc4 Qd6 19. Rbc1 Rd8 20. Nxc6 Nxc6
21. Qxc6 Rab8 22. Qa4 Rd7 23. Bh3 1/2-1/2

[Event "Klub Kölner SF 1 - Kölner SK Dr. Lask"]
[Site "NRW-Liga - Gruppe 2 2019/2020"]
[Date "2019.11.10"]
[Round "3.5"]
[White "Lindam, Ingo"]
[Black "Wisskirchen, Andreas"]
[Result "1/2-1/2"]
[WhiteElo "2122"]
[BlackElo "2196"]
[PlyCount "35"]
[EventDate "2019.??.??"]
[SourceVersionDate "2020.03.16"]
[WhiteTeam "Kölner SK Dr. Lasker 1"]
[BlackTeam "Klub Kölner SF 1"]

1. d4 Nf6 2. Bg5 e6 3. Nd2 d5 4. e3 Nbd7 5. f4 c5 6. c3 cxd4 7. exd4 Bd6 8. Qf3
Qc7 9. Nh3 h6 10. Bh4 b6 11. Bd3 Bb7 12. O-O Qc6 13. Rae1 O-O-O 14. a4 Kb8 15.
Qe2 Rdg8 16. a5 g5 17. fxg5 hxg5 18. Bg3 1/2-1/2

[Event "Klub Kölner SF 1 - Kölner SK Dr. Lask"]
[Site "NRW-Liga - Gruppe 2 2019/2020"]
[Date "2019.11.10"]
[Round "3.6"]
[White "Schmidt, Martin"]
[Black "Cramer, Volker"]
[Result "1/2-1/2"]
[WhiteElo "2189"]
[BlackElo "2119"]
[PlyCount "46"]
[EventDate "2019.??.??"]
[SourceVersionDate "2020.03.16"]
[WhiteTeam "Klub Kölner SF 1"]
[BlackTeam "Kölner SK Dr. Lasker 1"]

1. e4 e6 2. d4 d5 3. Nc3 Nf6 4. Bg5 dxe4 5. Nxe4 Be7 6. Bxf6 gxf6 7. g3 f5 8.
Nc3 Bf6 9. Nf3 c5 10. dxc5 Qa5 11. Qd2 Bd7 12. Bg2 Bc6 13. O-O Qxc5 14. Qh6 Nd7
15. Rfd1 Bxc3 16. bxc3 Qxc3 17. Nd4 Bxg2 18. Kxg2 O-O-O 19. Rab1 a6 20. Rd3 Qc4
21. Rbb3 Kb8 22. Rbc3 Qd5+ 23. Nf3 Qa5 1/2-1/2

[Event "Klub Kölner SF 1 - Kölner SK Dr. Lask"]
[Site "NRW-Liga - Gruppe 2 2019/2020"]
[Date "2019.11.10"]
[Round "3.7"]
[White "Loseries, Uwe"]
[Black "Meertens, Martin"]
[Result "0-1"]
[WhiteElo "2095"]
[BlackElo "2142"]
[Annotator "daniel"]
[PlyCount "110"]
[EventDate "2019.??.??"]
[SourceVersionDate "2020.03.16"]
[WhiteTeam "Kölner SK Dr. Lasker 1"]
[BlackTeam "Klub Kölner SF 1"]

1. d4 Nf6 2. c4 e6 3. Nf3 d5 4. Bg5 Be7 5. Nc3 Nbd7 6. e3 h6 7. Bh4 O-O 8. Rc1
c5 9. cxd5 Nxd5 10. Bxe7 Nxe7 11. Be2 b6 12. O-O cxd4 13. Nxd4 Bb7 14. Bf3 Bxf3
15. Qxf3 Nf6 16. Rfd1 Qb8 $11 17. h3 Rd8 18. Nc6 Nxc6 19. Qxc6 Rc8 20. Qa4 Qe5
21. Qb3 Rc5 22. a4 Rac8 23. Ne2 Rxc1 24. Rxc1 Rxc1+ 25. Nxc1 Qd5 26. Qc2 g6 27.
Qc8+ Kg7 28. Qc3 Qd1+ 29. Kh2 Qxa4 30. Nd3 Qe4 31. Nf4 a5 32. f3 Qb4 33. Qc7
Kf8 34. Nd3 Ne8 35. Qb8 Qd6+ 36. Qxd6+ Nxd6 37. Kg3 Ke7 38. Kf2 Nb7 39. Ke2 Kd6
40. f4 f6 41. Kd2 Nc5 42. Nf2 f5 43. Nd1 e5 44. fxe5+ Kxe5 45. Kc3 b5 46. Kd2
g5 47. Kc3 Kd5 48. Kc2 Ne4 49. Kd3 a4 50. g4 fxg4 51. hxg4 b4 52. Kc2 Kc4 53.
b3+ axb3+ 54. Kb2 Kd3 55. Kxb3 Kd2 0-1

[Event "Klub Kölner SF 1 - Kölner SK Dr. Lask"]
[Site "NRW-Liga - Gruppe 2 2019/2020"]
[Date "2019.11.10"]
[Round "3.8"]
[White "Graf, Peter"]
[Black "Cmiel, Thorsten"]
[Result "1-0"]
[WhiteElo "2000"]
[BlackElo "2083"]
[PlyCount "59"]
[EventDate "2019.??.??"]
[SourceVersionDate "2020.03.16"]
[WhiteTeam "Klub Kölner SF 1"]
[BlackTeam "Kölner SK Dr. Lasker 1"]

1. e4 c6 2. d4 d5 3. exd5 cxd5 4. Bd3 Nc6 5. c3 Nf6 6. Bf4 Bg4 7. Qb3 e5 8.
dxe5 Nh5 9. Be3 Nxe5 10. Bb5+ Nc6 11. Qa4 Bd7 12. Qd1 Nf6 13. Nf3 a6 14. Bd3
Be7 15. Nbd2 O-O 16. h3 d4 17. Nxd4 Nd5 18. Bxh7+ Kh8 19. Bc2 g6 20. Bh6 Nxd4
21. cxd4 Re8 22. O-O f5 23. Qf3 Nb4 24. Bb3 Bc6 25. Qg3 Kh7 26. Bf7 Qd6 27. Bf4
Qf6 28. Bxe8 Rxe8 29. Be5 Qf7 30. Nf3 1-0

[Event "SF Lieme 1 - LSV Turm Lippstadt 1"]
[Site "NRW-Liga - Gruppe 2 2019/2020"]
[Date "2019.11.10"]
[Round "3.1"]
[White "Wehmeier, Stefan"]
[Black "Wittke, Rene"]
[Result "1/2-1/2"]
[WhiteElo "2333"]
[BlackElo "2276"]
[PlyCount "97"]
[EventDate "2019.??.??"]
[SourceVersionDate "2020.03.16"]
[WhiteTeam "LSV Turm Lippstadt 1"]
[BlackTeam "SF Lieme 1"]

1. d4 Nf6 2. c4 g6 3. Nc3 Bg7 4. e4 d6 5. Be2 O-O 6. Nf3 e5 7. Be3 Ng4 8. Bg5
f6 9. Bh4 g5 10. Bg3 Nh6 11. dxe5 dxe5 12. Qxd8 Rxd8 13. Nd5 Na6 14. O-O-O Be6
15. h4 g4 16. Nh2 c6 17. Nc3 f5 18. exf5 Bxf5 19. Rxd8+ Rxd8 20. Rd1 Rd4 21. f3
gxf3 22. Nxf3 Nf7 23. Be1 Rxd1+ 24. Kxd1 Nb4 25. Bd2 Nd3 26. b3 e4 27. Ne1 Nb2+
28. Kc1 e3 29. Kxb2 exd2 30. Nf3 b5 31. cxb5 cxb5 32. b4 Bd3 33. Bd1 a5 34. a3
axb4 35. axb4 Be4 36. Nxd2 Bxg2 37. Bf3 Bh3 38. Bc6 Nd6 39. Kb3 Be6+ 40. Bd5
Kf7 41. Kc2 Bxc3 42. Bxe6+ Kxe6 43. Kxc3 Kd5 44. Kd3 h5 45. Nb1 Nf5 46. Nc3+
Kc6 47. Ne4 Nxh4 48. Nf6 Ng6 49. Nxh5 {(=)} 1/2-1/2

[Event "SF Lieme 1 - LSV Turm Lippstadt 1"]
[Site "NRW-Liga - Gruppe 2 2019/2020"]
[Date "2019.11.10"]
[Round "3.2"]
[White "Niermann, Tristan"]
[Black "Hecht, Carsten"]
[Result "1/2-1/2"]
[WhiteElo "2230"]
[BlackElo "2301"]
[Annotator "Doe,John"]
[PlyCount "42"]
[EventDate "2019.??.??"]
[SourceVersionDate "2020.03.16"]
[WhiteTeam "SF Lieme 1"]
[BlackTeam "LSV Turm Lippstadt 1"]

1. d4 Nf6 2. c4 g6 3. g3 c6 4. Bg2 d5 5. Qa4 Nfd7 6. cxd5 Nb6 7. Qd1 cxd5 8.
Nc3 Bg7 9. e3 O-O 10. Nge2 Nc6 11. O-O e6 12. b3 a5 13. a4 Re8 14. Ba3 Bd7 15.
Nb5 Nc8 16. Rc1 Bf8 17. Bxf8 Rxf8 18. e4 dxe4 19. Bxe4 N8e7 20. Nf4 Qb6 21. Qe2
Rad8 {(=)} 1/2-1/2

[Event "SF Lieme 1 - LSV Turm Lippstadt 1"]
[Site "NRW-Liga - Gruppe 2 2019/2020"]
[Date "2019.11.10"]
[Round "3.3"]
[White "Wagner, Alexej"]
[Black "Himpenmacher, Andy"]
[Result "1/2-1/2"]
[WhiteElo "2256"]
[BlackElo "2197"]
[PlyCount "113"]
[EventDate "2019.??.??"]
[SourceVersionDate "2020.03.16"]
[WhiteTeam "LSV Turm Lippstadt 1"]
[BlackTeam "SF Lieme 1"]

1. d4 Nf6 2. c4 e6 3. Nc3 Bb4 4. Qc2 c5 5. dxc5 O-O 6. Nf3 Na6 7. g3 Nxc5 8.
Bg2 Nce4 9. O-O Bxc3 10. bxc3 Qc7 11. Nd4 d5 12. cxd5 exd5 13. Bf4 Qc4 14. Rfc1
Bd7 15. Rab1 b6 16. Rb4 Qa6 17. Qb3 Nc5 18. Qb1 Rac8 19. c4 Ne6 20. cxd5 Nxd4
21. Rxd4 Rxc1+ 22. Bxc1 Qxe2 23. Bg5 Re8 24. h3 Qe5 25. Be3 Rc8 26. Qb3 b5 27.
Kh2 a5 28. a3 Qc7 29. Bd2 Qc5 30. Qd3 Qb6 31. Be3 Qd6 32. Qb3 h6 33. Bf1 Rc5
34. Bg2 Rc8 35. Bd2 Qb6 36. Be3 Qd6 37. Bf3 Ne8 38. Rd1 Nf6 39. Rc1 Rxc1 40.
Bxc1 b4 41. Kg2 Bf5 42. Bf4 Qc5 43. axb4 axb4 44. Be3 Qb5 45. Bd4 Ne4 46. Qb2
Ng5 47. Qb3 Bxh3+ 48. Kh2 Bf1 49. d6 Bc4 50. Qe3 Nxf3+ 51. Qxf3 Be6 52. Qa8+
Kh7 53. Qe4+ Kg8 54. Qa8+ Kh7 55. Qe4+ Kg8 56. Qa8+ Kh7 57. Qe4+ 1/2-1/2

[Event "SF Lieme 1 - LSV Turm Lippstadt 1"]
[Site "NRW-Liga - Gruppe 2 2019/2020"]
[Date "2019.11.10"]
[Round "3.4"]
[White "Essing, Arnold"]
[Black "Pollmueller, Michael"]
[Result "1/2-1/2"]
[WhiteElo "2172"]
[BlackElo "2174"]
[PlyCount "161"]
[EventDate "2019.??.??"]
[SourceVersionDate "2020.03.16"]
[WhiteTeam "SF Lieme 1"]
[BlackTeam "LSV Turm Lippstadt 1"]

1. d4 d5 2. Nf3 Nf6 3. c4 e6 4. Nc3 Bb4 5. cxd5 exd5 6. Bg5 Qd6 7. Bxf6 Qxf6 8.
g3 O-O 9. Bg2 Qb6 10. O-O c6 11. Qd3 Nd7 12. e4 Bxc3 13. bxc3 dxe4 14. Qxe4 Nf6
15. Qd3 Qa5 16. Ne5 Ng4 17. Rfe1 Nxe5 18. Rxe5 Qa3 19. Qc2 Be6 20. c4 Rad8 21.
Rd1 Rd6 22. Qe2 Qa4 23. d5 cxd5 24. cxd5 Bg4 25. f3 Bd7 26. f4 Bb5 27. Qd2 Bc4
28. Qd4 b5 29. Rde1 Bxa2 30. Qc5 Rdd8 31. Re7 Qa5 32. Ra1 Qd2 33. Qf2 Qxf2+ 34.
Kxf2 Bxd5 35. Bxd5 Rxd5 36. Raxa7 Rd2+ 37. Kf3 Rxh2 38. Rab7 Rb2 39. Re5 Rb3+
40. Re3 Rb1 41. Re5 g6 42. Rexb5 Rc1 43. Rb8 Rc3+ 44. Kg4 h5+ 45. Kh4 Rxb8 46.
Rxb8+ Kg7 47. Rb7 Rd3 48. Ra7 Rd5 49. Rb7 Rf5 50. Ra7 Rf6 51. Rb7 Re6 52. Ra7
Kf6 53. Rb7 Re7 54. Rb5 Re2 55. Kh3 Rf2 56. Ra5 Rb2 57. Rc5 Ra2 58. Rb5 Ra6 59.
Rc5 Ke6 60. Rb5 f6 61. Rc5 Rd6 62. Ra5 Rd5 63. Ra8 Kf5 64. Rf8 Rd2 65. Ra8 g5
66. Ra5+ Kg6 67. fxg5 fxg5 68. Ra6+ Kf5 69. Ra5+ Kf6 70. Ra6+ Ke5 71. Rh6 Kf5
72. Rxh5 Rc2 73. g4+ Kf4 74. Rh8 Rc3+ 75. Kg2 Kxg4 76. Ra8 Rc2+ 77. Kg1 Rc3 78.
Kg2 Rc2+ 79. Kg1 Kh4 80. Ra3 g4 81. Rb3 1/2-1/2

[Event "SF Lieme 1 - LSV Turm Lippstadt 1"]
[Site "NRW-Liga - Gruppe 2 2019/2020"]
[Date "2019.11.10"]
[Round "3.5"]
[White "Grobbel, Rainer"]
[Black "Wolf, Andre"]
[Result "1-0"]
[WhiteElo "2116"]
[BlackElo "2141"]
[PlyCount "77"]
[EventDate "2019.??.??"]
[SourceVersionDate "2020.03.16"]
[WhiteTeam "LSV Turm Lippstadt 1"]
[BlackTeam "SF Lieme 1"]

1. d4 Nf6 2. c4 g6 3. Nc3 d5 4. Bg5 Ne4 5. Nxe4 dxe4 6. Qd2 Bg7 7. e3 c5 8. d5
O-O 9. Ne2 h6 10. Bh4 g5 11. Bg3 Bf5 12. Nc3 Nd7 13. Be2 a6 14. O-O Ne5 15.
Rfd1 Bg6 16. f4 exf3 17. gxf3 f5 18. f4 Nf7 19. Bf2 Rc8 20. e4 fxe4 21. Bg4
gxf4 22. Qxf4 Ng5 23. Qg3 Kh7 24. h4 Nf3+ 25. Kh1 h5 26. Be6 Be5 27. Qg2 Qd6
28. Rg1 Nxg1 29. Rxg1 Rg8 30. Nxe4 Bxe4 31. Qxe4+ Kh8 32. Rxg8+ Rxg8 33. Bxc5
Qxc5 34. Qxe5+ Rg7 35. Qxh5+ Rh7 36. Qe8+ Kg7 37. Qf7+ Kh6 38. Qf4+ Kg7 39.
Qg5+ 1-0

[Event "SF Lieme 1 - LSV Turm Lippstadt 1"]
[Site "NRW-Liga - Gruppe 2 2019/2020"]
[Date "2019.11.10"]
[Round "3.6"]
[White "Krallmann, Matthias"]
[Black "Niediek, Cedric"]
[Result "1/2-1/2"]
[WhiteElo "2112"]
[BlackElo "2058"]
[PlyCount "50"]
[EventDate "2019.??.??"]
[SourceVersionDate "2020.03.16"]
[WhiteTeam "SF Lieme 1"]
[BlackTeam "LSV Turm Lippstadt 1"]

1. d4 d5 2. c4 e6 3. Nf3 Nf6 4. g3 Be7 5. Bg2 O-O 6. O-O dxc4 7. Ne5 Nc6 8.
Bxc6 bxc6 9. Qa4 c5 10. dxc5 Bxc5 11. Rd1 Qe8 12. Qxe8 Rxe8 13. Nxc4 Ba6 14. b3
Bxc4 15. bxc4 Red8 16. Nc3 Rxd1+ 17. Nxd1 Rb8 18. Bf4 Bd4 19. Rc1 e5 20. Bd2
Bc5 21. Bc3 Bd4 22. Ba5 Bb6 23. Bc3 Bd4 24. Ba5 Bb6 25. Bc3 Bd4 1/2-1/2